Statistics for East Africa Flag Quiz

Click here to take the quiz!

General Stats

  • This quiz has been taken 230 times
  • The average score is 12 of 17

Answer Stats

Answer% Correct
Kenya
94%
Somalia
86%
Ethiopia
83%
Tanzania
82%
Uganda
77%
Eritrea
70%
Rwanda
70%
Seychelles
70%
Djibouti
69%
Burundi
68%
Malawi
68%
Zimbabwe
65%
South Sudan
62%
Madagascar
61%
Zambia
61%
Comoros
59%
Mauritius
53%

Score Distribution

Percentile by Number Answered

Percent of People with Each Score

Your Score History

You have not taken this quiz